zpět

Detail výsledku týmu

Bristol, Olomouc

Datum a čas kvízu

28.5 Celkem bodů Celkový počet nahraných bodů na tomto kvízu bez doplňovacích otázek.
4. Pořadí na kvízu Konečné umístění týmu na tomto kvízu.

Zaznamenané odpovědi

# Otázka Odpověď Body Výsledky
1. Dopravní podnik hlavního města... o bezkontaktní platební terminály 0
2. Jak se jmenuje město, které by... Vladivostok 0
3. Vzácná kytara, kterou si zakou... George Harrison 0
4. Filipínský prezident Rodrigo D... Kanada 0
5. Známý český výrobce sportovníh... Alpine Pro 1
6. Na obrázku vidíme jedno z nejs... Frísko 1
7. Jak se jmenuje bývalá nizozems... Beatrix 1
8. Nizozemsko se může pyšnit slav... Hieronymus Bosch 0
9. V nizozemském Haagu sídlí jist... Shell 1
10. Mezi nejoblíbenější sporty v N... Hendrik Johannes Cruijff (Johan Cruyff) 1